An Introduction to Spatial Data Science with GeoDa

Salvato in:
Dettagli Bibliografici
Autore principale: Anselin, Luc
Natura: Libro
Lingua:inglese
Pubblicazione: Boca Raton CRC Press/Taylor & Francis Group 2024
Edizione:1st Edition
Soggetti:
Tags: Aggiungi Tag
Nessun Tag, puoi essere il primo ad aggiungerne!!

MARC

LEADER 00000nam a2200000 4500
001 0300007
005 20240617144907.8
020 |a 978-1-032-71302-1 
020 |a 978-1-032-71316-8 
041 0 |a eng 
044 |a US 
245 1 0 |a An Introduction to Spatial Data Science with GeoDa  |c Luc Anselin 
250 |a 1st Edition 
264 1 |a Boca Raton  |b CRC Press/Taylor & Francis Group  |c 2024 
300 |a 217 s. 
610 2 0 |a dáta 
610 2 0 |a zber dát 
610 2 0 |a spracovanie dát 
610 2 0 |a štatistika 
610 2 0 |a analýza štatistická 
610 2 0 |a metódy štatistické 
100 1 |a Anselin, Luc